000 00351nam a2200133Ia 4500
999 _c10865
_d10865
008 191201s2009 xx 000 0 und d
100 _aMURUGAN, M. Sakthivel
245 0 _aManagement Principles and Practices
250 _a2nd
260 _aNew Delhi
_bNew Age
_c2016
300 _a699
650 _aBachelor of Mass Communication
942 _2ddc
_cBK